| 000 | 00653nam a2200193 i 4500 | ||
|---|---|---|---|
| 001 | 59184 | ||
| 003 | ES-MaACL | ||
| 005 | 20250809063313.0 | ||
| 007 | t| | ||
| 008 | 031027s1944 sp ||||1| spa d | ||
| 100 | 1 |
_aElías de Tejada, Francisco. _946976 |
|
| 245 | 1 | 3 |
_aEl Hegelismo jurídico español / _cFrancisco Elías de Tejada Spínola. |
| 260 |
_aMadrid : _bRevista de Derecho Privado, _c[1944] ( _fSamarán) |
||
| 300 |
_a158 p. ; _c20 cm. |
||
| 490 | 1 |
_aRevista de Derecho Privado. Serie R. Política ; _v1 |
|
| 830 | 0 | 0 |
_aRevista de derecho privado _v1 _9232247 |
| 852 |
_aES-MaACL _jG-4582 _bR.20968 |
||
| 999 |
_c59184 _d59184 |
||